[Event "IECC CL4-2009.01 email"]
[Site "IECC email"]
[Date "2009.02.10"]
[Round "?"]
[White "Maggiora, Aldo"]
[Black "Cumiskey, Rob"]
[Result "1/2-1/2"]
[WhiteElo "1656"]
[BlackElo "1750"]
[PlyCount "89"]
[EventDate "2009.??.??"]
[EventType "tourn (corr)"]
[EventRounds "4"]
[SourceTitle "Corr 2011"]
[Source "ChessBase"]
[SourceDate "2010.08.31"]
[SourceVersion "1"]
[SourceVersionDate "2010.08.31"]
[SourceQuality "1"]
[WhiteTeam "Italy"]
[BlackTeam "England"]
[WhiteTeamCountry "ITA"]
[BlackTeamCountry "ENG"]

1. e4 c6 2. d4 d5 3. exd5 cxd5 4. c4 Nf6 5. c5 e5 6. Nc3 exd4 7. Qxd4 Nc6 8. Bb5 Be7 9. Nf3 0-0 10. Bxc6 bxc6 11. Ne5 Bb7 12. 0-0 Re8 13. Re1 Bxc5 14. Qxc5 Nd7 15. Qb4 Nxe5 16. Qxb7 Nf3+ 17. gxf3 Rxe1+ 18. Kg2 a5 19. h4 Rb8 20. Qa7 Re7 21. Qc5 Re6 22. Bg5 f6 23. Bc1 Rb4 24. h5 Rc4 25. Qa7 Re7 26. Qa6 Re1 27. Rb1 Qd7 28. Be3 Rh4 29. Qa8+ Kf7 30. Qa7 Qxa7 31. Bxa7 Re5 32. Bb8 Rexh5 33. Bg3 Rg5 34. b3 h5 35. Rc1 f5 36. Rd1 Rb4 37. Kf1 h4 38. Bh2 h3 39. Ne2 Rg2 40. Bg3 g5 41. Bd6 Rb6 42. Nd4 g4 43. Re1 a4 44. Re7+ Kg6 45. Re6+ 1/2-1/2

[Event "IECC M1-2009.T15"]
[Site "IECC email"]
[Date "2009.01.28"]
[Round "?"]
[White "Cumiskey, Rob"]
[Black "Bearce, Harold L"]
[Result "1-0"]
[WhiteElo "1745"]
[BlackElo "1465"]
[PlyCount "21"]
[EventDate "2009.??.??"]
[EventType "match (corr)"]
[SourceTitle "Corr 2013"]
[Source "ChessBase"]
[SourceDate "2012.11.12"]
[SourceVersion "1"]
[SourceVersionDate "2012.11.12"]
[SourceQuality "1"]
[WhiteTeam "England"]
[BlackTeam "US of America"]
[WhiteTeamCountry "ENG"]
[BlackTeamCountry "USA"]

1. d4 d5 2. c4 c6 3. Nc3 Nf6 4. e3 e6 5. Nf3 Nbd7 6. Qc2 Bd6 7. Bd3 0-0 8. 0-0 dxc4 9. Bxc4 b5 10. Be2 Qc7 11. Bd3 1-0

[Event "IECC P-4515"]
[Site "IECC email"]
[Date "2009.01.26"]
[Round "?"]
[White "Bottoni, Carlo"]
[Black "Cumiskey, Rob"]
[Result "1/2-1/2"]
[WhiteElo "1700"]
[BlackElo "1757"]
[PlyCount "95"]
[EventDate "2009.??.??"]
[EventType "tourn (corr)"]
[EventRounds "1"]
[SourceTitle "Corr 2011"]
[Source "ChessBase"]
[SourceDate "2010.08.31"]
[SourceVersion "1"]
[SourceVersionDate "2010.08.31"]
[SourceQuality "1"]
[WhiteTeam "Italy"]
[BlackTeam "England"]
[WhiteTeamCountry "ITA"]
[BlackTeamCountry "ENG"]

1. d4 d5 2. c4 dxc4 3. e4 Nc6 4. Be3 Nf6 5. Nc3 e5 6. d5 Na5 7. Nf3 Bd6 8. Qa4+ Bd7 9. Qxa5 a6 10. Ne2 Nxe4 11. 0-0-0 c3 12. b4 b6 13. Qa3 a5 14. Qb3 axb4 15. Qc4 Bf5 16. g4 Bg6 17. Nxe5 Bxe5 18. f4 Nd6 19. Qc6+ Kf8 20. a4 f6 21. fxe5 fxe5 22. Bg2 Be8 23. Rhf1+ Kg8 24. Nxc3 Bxc6 25. dxc6 h6 26. Nb5 Qe7 27. Nxd6 e4 28. Nxe4 Qe5 29. Kb1 Rxa4 30. Rd8+ Kh7 31. Bd4 Qe6 32. Rd7 Qa2+ 33. Kc1 Qc4+ 34. Kd1 Qb3+ 35. Ke1 Qb1+ 36. Kf2 Ra2+ 37. Ke3 Qb3+ 38. Nc3 Re8+ 39. Kd3 Rd2+ 40. Kxd2 bxc3+ 41. Bxc3 Qa2+ 42. Kc1 Qc4 43. Rf3 Re1+ 44. Kb2 Re2+ 45. Kc1 Re1+ 46. Kb2 Re2+ 47. Kc1 Re1+ 48. Kb2 1/2-1/2

[Event "IECC M1-2009.T12"]
[Site "IECC email"]
[Date "2009.01.24"]
[Round "?"]
[White "Boyce, Harry"]
[Black "Cumiskey, Rob"]
[Result "1-0"]
[WhiteElo "1646"]
[BlackElo "1698"]
[PlyCount "51"]
[EventDate "2009.??.??"]
[EventType "match (corr)"]
[EventRounds "2"]
[SourceTitle "Corr 2011"]
[Source "ChessBase"]
[SourceDate "2010.08.31"]
[SourceVersion "1"]
[SourceVersionDate "2010.08.31"]
[SourceQuality "1"]
[WhiteTeam "Australia"]
[BlackTeam "England"]
[WhiteTeamCountry "AUS"]
[BlackTeamCountry "ENG"]

1. e4 c5 2. Nf3 Nc6 3. e5 Qc7 4. Qe2 a6 5. b3 d5 6. exd6 Qxd6 7. Na3 Qf6 8. Rb1 Bg4 9. Bb2 Nd4 10. Bxd4 cxd4 11. Qe4 Bxf3 12. gxf3 Rb8 13. Nc4 e6 14. b4 Qd8 15. b5 Nf6 16. Qf4 axb5 17. Ne5 Bc5 18. Bxb5+ Ke7 19. Rg1 Rg8 20. Bd3 Qd5 21. Rb5 h6 22. Be4 Qd6 23. h4 d3 24. c3 Qa6 25. Rxc5 Qb6 26. Nxd3 1-0

[Event "IECC M1-2008.T46"]
[Site "IECC email"]
[Date "2008.05.01"]
[Round "?"]
[White "Boyce, Harry"]
[Black "Cumiskey, Rob"]
[Result "1/2-1/2"]
[WhiteElo "1630"]
[BlackElo "1608"]
[PlyCount "127"]
[EventDate "2008.??.??"]
[EventType "match (corr)"]
[EventRounds "2"]
[SourceTitle "Corr 2013"]
[Source "ChessBase"]
[SourceDate "2012.11.12"]
[SourceVersion "1"]
[SourceVersionDate "2012.11.12"]
[SourceQuality "1"]
[WhiteTeam "England"]
[BlackTeam "US of America"]
[WhiteTeamCountry "ENG"]
[BlackTeamCountry "USA"]

1. d4 Nf6 2. c4 c5 3. d5 b5 4. cxb5 a6 5. bxa6 Bxa6 6. Nc3 d6 7. Nf3 g6 8. Bg5 Bg7 9. Qd2 h6 10. Bxf6 Bxf6 11. e4 Bxf1 12. Kxf1 Nd7 13. h4 Qa5 14. h5 g5 15. Nd1 0-0 16. Qxa5 Rxa5 17. Nd2 Rb8 18. a3 Rab5 19. a4 Bxb2 20. Ra2 Rb4 21. Ke2 Bc1 22. Ne3 Bxd2 23. Kxd2 Rxe4 24. a5 Rd4+ 25. Kc2 Ra8 26. a6 Nb6 27. Rha1 Rb4 28. Rb1 Rxb1 29. Kxb1 Ra7 30. Kc2 Kf8 31. Kb3 Na8 32. Nf5 Nc7 33. Kc4 Rxa6 34. Rxa6 Nxa6 35. Nxh6 e6 36. Ng4 Kg7 37. h6+ Kg6 38. h7 Kxh7 39. Nf6+ Kg6 40. Ne8 exd5+ 41. Kxd5 Nb4+ 42. Kc4 d5+ 43. Kxc5 Nd3+ 44. Kd4 Nxf2 45. Nc7 Kf5 46. Nxd5 Nd1 47. Ne7+ Kg4 48. Ke5 Ne3 49. Kf6 Nxg2 50. Nd5 Kh5 51. Kxf7 Kh4 52. Nf6 Nf4 53. Ke7 Nh5 54. Nd5 Kg4 55. Ne3+ Kf3 56. Ke6 Ng3 57. Nc4 Kf4 58. Ne5 Ne4 59. Nd3+ Kg4 60. Ne5+ Kh5 61. Kd5 Nc3+ 62. Kd4 Ne2+ 63. Ke3 Ng3 64. Nf3 1/2-1/2

[Event "IECC CL5-2008.02 email"]
[Site "IECC email"]
[Date "2008.02.10"]
[Round "?"]
[White "Cumiskey, Rob"]
[Black "Jewell, Barry"]
[Result "1-0"]
[WhiteElo "1467"]
[BlackElo "1472"]
[PlyCount "97"]
[EventDate "2008.??.??"]
[EventType "tourn (corr)"]
[EventRounds "4"]
[SourceTitle "Corr 2013"]
[Source "ChessBase"]
[SourceDate "2012.11.12"]
[SourceVersion "1"]
[SourceVersionDate "2012.11.12"]
[SourceQuality "1"]
[WhiteTeam "Ireland"]
[BlackTeam "Italy"]
[WhiteTeamCountry "IRL"]
[BlackTeamCountry "ITA"]

1. e4 e5 2. Nf3 Nc6 3. d4 exd4 4. Nxd4 Nf6 5. Nxc6 bxc6 6. e5 Qe7 7. Qe2 Nd5 8. c4 Ba6 9. g3 g6 10. b3 Bg7 11. Bb2 0-0 12. Bg2 d6 13. 0-0 Nb6 14. f4 Bb7 15. Qf2 Qd7 16. Re1 Rfe8 17. Nd2 Rad8 18. Ne4 d5 19. cxd5 Nxd5 20. Qxa7 Ra8 21. Qd4 Rad8 22. Nc5 Qc8 23. a3 Nb6 24. Qc3 Nd5 25. Qc4 Nb6 26. Qc2 Nd7 27. Bh3 Bf8 28. Nxd7 Rxd7 29. Rac1 Qd8 30. Bxd7 Qxd7 31. Qc3 Qe6 32. Qc4 Qxc4 33. Rxc4 Rd8 34. Rc2 c5 35. a4 Bd5 36. Rd2 c6 37. Re3 Rb8 38. a5 Ra8 39. Bc3 Be7 40. Re1 Bxb3 41. Rd7 Kf8 42. Rb7 Bd5 43. Reb1 Be4 44. Rb8+ Kg7 45. Rxa8 Bxb1 46. e6+ f6 47. a6 c4 48. Ra7 Kf8 49. Rxe7 1-0

[Event "IECC Swiss-533"]
[Site "IECC email"]
[Date "2008.02.02"]
[Round "?"]
[White "Foster, Duncan"]
[Black "Cumiskey, Rob"]
[Result "1/2-1/2"]
[WhiteElo "1604"]
[BlackElo "1420"]
[PlyCount "134"]
[EventDate "2008.??.??"]
[EventType "match (corr)"]
[SourceTitle "Corr 2013"]
[Source "ChessBase"]
[SourceDate "2012.11.12"]
[SourceVersion "1"]
[SourceVersionDate "2012.11.12"]
[SourceQuality "1"]
[WhiteTeam "Germany"]
[BlackTeam "Wales"]
[WhiteTeamCountry "GER"]
[BlackTeamCountry "WLS"]

1. d4 Nf6 2. Bg5 e6 3. e4 c5 4. d5 d6 5. Nc3 Be7 6. Nf3 0-0 7. Bd3 Nxd5 8. exd5 Bxg5 9. Nxg5 Qxg5 10. 0-0 e5 11. Nb5 Qe7 12. Qh5 f5 13. Rae1 a6 14. Na3 b5 15. c4 b4 16. Nc2 g6 17. Qh6 f4 18. Na1 f3 19. Nb3 fxg2 20. Kxg2 Bf5 21. Re3 Nd7 22. Nd2 Bxd3 23. Rxd3 Rf5 24. Qh3 Raf8 25. Ne4 Nf6 26. Ng3 Rf4 27. b3 e4 28. Re3 Ng4 29. Re2 h5 30. Kg1 h4 31. f3 Ne5 32. Nxe4 Nxf3+ 33. Rxf3 Rxf3 34. Qe6+ Qxe6 35. dxe6 h3 36. Re1 Re8 37. Nxd6 Re7 38. Nc8 Rc7 39. e7 Rxc8 40. e8Q+ Rxe8 41. Rxe8+ Kf7 42. Ra8 Rf6 43. Ra7+ Kg8 44. Rc7 Rf5 45. Rc6 Rg5+ 46. Kh1 Rg2 47. Rxa6 Kf7 48. Ra7+ Kf6 49. Rh7 Rxa2 50. Rxh3 Rb2 51. Kg1 g5 52. Rd3 g4 53. h3 gxh3 54. Rxh3 Ke5 55. Kf1 Rc2 56. Ke1 Kd4 57. Kd1 Rc3 58. Rh4+ Ke5 59. Rh5+ Kd6 60. Rh6+ Kc7 61. Rh7+ Kb6 62. Rh6+ Kc7 63. Rh7+ Kc6 64. Rh6+ Kd7 65. Rh7+ Ke6 66. Rh6+ Kf5 67. Rh5+ Ke4 1/2-1/2

[Event "IECC M1-2007.T86"]
[Site "IECC email"]
[Date "2007.12.19"]
[Round "?"]
[White "Cumiskey, Rob"]
[Black "McIntee, Christopher"]
[Result "1-0"]
[WhiteElo "1527"]
[BlackElo "1486"]
[PlyCount "59"]
[EventDate "2007.??.??"]
[EventType "match (corr)"]
[EventRounds "2"]
[SourceTitle "Corr 2020"]
[Source "ChessBase"]
[SourceDate "2019.09.30"]
[SourceVersion "1"]
[SourceVersionDate "2019.09.30"]
[SourceQuality "1"]
[WhiteTeam "England"]
[BlackTeam "Scotland"]
[WhiteTeamCountry "ENG"]
[BlackTeamCountry "SCO"]

1. d4 d6 2. e4 Nf6 3. Bd3 e5 4. d5 Nbd7 5. Nf3 a5 6. 0-0 Be7 7. Nc3 0-0 8. Na4 c6 9. dxc6 bxc6 10. Qe2 Qc7 11. Bd2 Re8 12. Bc3 Bf8 13. b3 d5 14. Bb2 Nc5 15. Nxc5 Bxc5 16. exd5 Bg4 17. d6 Bxd6 18. Be4 Nxe4 19. Qxe4 f5 20. Qc4+ Kh8 21. Ng5 Re7 22. f3 Bh5 23. Kh1 Rae8 24. Qh4 Bg6 25. Rad1 Bc5 26. Rfe1 e4 27. fxe4 fxe4 28. Re2 e3 29. Rf1 Qd6 30. Kg1 1-0